000 00689nam a2200229 i 4500
001 146762
003 ES-MaACL
005 20230906201649.0
007 t|
008 070917s1977 sp ||||1| spa d
020 _a84-202-0172-3
080 _a956.94
080 _a323.114(=924)
100 1 _aTriki, Hussein.
_9111420
245 1 0 _aHe aquí Palestina
_b: el sionismo al desnudo /
_cHussein Triki ; [prólogo de Domingo Alberto Rangel].
260 _aMadrid :
_bAfrodisio Aguado,
_c1977.
300 _a448 p. ;
_c21 cm.
650 1 4 _aSionismo.
_917129
651 4 _aIsrael-
_xHistoria.
_98858
700 1 _aRangel, Domingo Alberto.
_995417
852 _aES-MaACL
_jA-7611
_bR.96817
999 _c146762
_d146762